[Event "Wch U10 Girls"]
[White "Song, Rina"]
[Black "Camacho Chavez, Nirvana"]
[Site "Montesilvano"]
[Round "8"]
[Result "1-0"]
[Date "2024.11.23"]
[WhiteElo "1599"]
[BlackElo "1638"]
[PlyCount "131"]
[EventDate "2024.11.15"]
[EventType "swiss"]
[EventRounds "11"]
[EventCountry "ITA"]
[SourceTitle "CB48_2024"]
[SourceDate "2024.11.28"]
[SourceVersion "1"]
[SourceVersionDate "2024.11.28"]
[SourceQuality "1"]

1. e4 c6 2. d4 d5 3. exd5 cxd5 4. Bd3 Nc6 5. c3 Qc7 6. h3 Nf6 7. Ne2 g6 8. Qc2 Bg7 9. Bf4 e5 10. dxe5 Nxe5 11. 0-0 0-0 12. Nd2 Re8 13. Nd4 Qb6 14. Rfe1 Nfd7 15. N2f3 Nxf3+ 16. Nxf3 Rf8 17. Qd2 Nf6 18. Be3 Qd8 19. Bh6 b6 20. Nd4 Bb7 21. Bxg7 Kxg7 22. Qg5 Kh8 23. Qh6 Ng8 24. Qf4 Qf6 25. Qxf6+ Nxf6 26. Re7 Rab8 27. Nb5 a6 28. Nd6 Bc6 29. Nxf7+ Kg8 30. Nh6+ Kh8 31. Rae1 a5 32. Rc7 Rbc8 33. Rxc8 Rxc8 34. Nf7+ Kg7 35. Nd6 Rd8 36. Re6 Nh5 37. Nf5+ gxf5 38. Rxc6 d4 39. cxd4 Rxd4 40. Bxf5 b5 41. Rc7+ Kf6 42. Rxh7 Ng7 43. Bg4 Rd2 44. Rh6+ Ke5 45. Rg6 Nf5 46. Rg5 Rxb2 47. Rxf5+ Kd4 48. Bf3 a4 49. Bd5 Kc3 50. Rf3+ Kd4 51. Bg8 b4 52. h4 b3 53. axb3 a3 54. b4 a2 55. Bxa2 Rxa2 56. h5 Rb2 57. h6 Ra2 58. h7 Ra8 59. Rh3 Rh8 60. b5 Kc5 61. Rh5+ Kb6 62. f4 Kb7 63. f5 Kb6 64. f6 Rxh7 65. Rxh7 Kxb5 66. Rc7 1-0

[Event "Wch U10 Girls"]
[White "Camacho Chavez, Nirvana"]
[Black "Foong, Livia"]
[Site "Montesilvano"]
[Round "5"]
[Result "0-1"]
[Date "2024.11.19"]
[WhiteElo "1638"]
[BlackElo "1461"]
[PlyCount "60"]
[EventDate "2024.11.15"]
[EventType "swiss"]
[EventRounds "11"]
[EventCountry "ITA"]
[SourceTitle "CB48_2024"]
[SourceDate "2024.11.28"]
[SourceVersion "1"]
[SourceVersionDate "2024.11.28"]
[SourceQuality "1"]

1. e4 e6 2. d4 d5 3. exd5 exd5 4. Bd3 Nf6 5. h3 c5 6. Be3 Qb6 7. dxc5 Bxc5 8. Bxc5 Qxc5 9. Nc3 0-0 10. Nge2 Be6 11. 0-0 Nc6 12. Re1 Rfd8 13. Nf4 Qd6 14. Nxe6 fxe6 15. Nb5 Qd7 16. Nc3 d4 17. Ne4 Nxe4 18. Bxe4 e5 19. Bxc6 Qxc6 20. Rxe5 Rd6 21. Rg5 Rc8 22. Rc1 d3 23. c3 Re8 24. Qb3+ Kh8 25. Rd1 d2 26. Kh2 Qc7 27. Rb5 Rf6+ 28. g3 Rxf2+ 29. Kg1 Qxg3+ 30. Kh1 Qg2# 0-1

[Event "Wch U10 Girls"]
[White "Camacho Chavez, Nirvana"]
[Black "Sobirova, Mumtozbegim"]
[Site "Montesilvano"]
[Round "1"]
[Result "0-1"]
[Date "2024.11.15"]
[WhiteElo "1638"]
[BlackElo "1476"]
[PlyCount "114"]
[EventDate "2024.11.15"]
[EventType "swiss"]
[EventRounds "11"]
[EventCountry "ITA"]
[SourceTitle "CB48_2024"]
[SourceDate "2024.11.28"]
[SourceVersion "1"]
[SourceVersionDate "2024.11.28"]
[SourceQuality "1"]

1. e4 c5 2. Nf3 e6 3. d4 cxd4 4. Nxd4 Nc6 5. Nc3 Qc7 6. Be3 a6 7. Qd2 Nf6 8. f3 Be7 9. Be2 b5 10. Nb3 Bb7 11. a3 Rd8 12. Bd3 d5 13. Qf2 Qd7 14. Bb6 Ra8 15. 0-0 0-0 16. Kh1 Ne5 17. Rad1 Qc8 18. Na5 Bd8 19. Nxb7 Qxb7 20. Be3 Bc7 21. exd5 exd5 22. Rfe1 Nxd3 23. Rxd3 Rad8 24. Bg5 Qc6 25. Qd4 Rfe8 26. Rde3 Rxe3 27. Bxe3 Qd6 28. Qh4 Re8 29. Bf2 Rxe1+ 30. Bxe1 Qd7 31. Bg3 Bb6 32. Qf4 d4 33. Ne4 Nxe4 34. fxe4 h6 35. Qd2 Qc6 36. Qd3 Qc4 37. Qxc4 bxc4 38. Be1 Kf8 39. g3 Ke7 40. Kg2 Ke6 41. Kf3 h5 42. Bd2 f6 43. a4 Bc7 44. Be1 f5 45. Bd2 Bd8 46. h3 g5 47. exf5+ Kxf5 48. g4+ hxg4+ 49. hxg4+ Ke5 50. b3 c3 51. Be1 Kd5 52. Bg3 d3 53. cxd3 c2 54. d4 c1Q 55. Be5 Qf1+ 56. Kg3 Qd3+ 57. Kf2 Qxb3 0-1